LEGO Ninjago: Ninja Vehicles by Picture - Statistics

General Stats
  • This quiz has been taken 7 times
  • The average score is 27 of 60
Answer Stats
Picture Answer % Correct
Destiny's Bounty
100%
Blade Cycle
83%
Earth Driller
83%
Climber Mech
67%
Destiny's Shadow
67%
ElectroMech
67%
Fire Mech
67%
Land Bounty
67%
Prototype X-1
67%
Samurai X Mech (Nya)
67%
Samurai X Mech (P.I.X.A.L.)
67%
APS Suit
50%
ATV
50%
Blue Dragon
50%
D.B. Express
50%
Destiny's Wing
50%
Earth Mech
50%
Ghost Taker GT
50%
Golden Mech
50%
Hydro Bounty
50%
Ice Mech
50%
Jungle Raider
50%
Kai Fighter
50%
Katana V11
50%
Mini Submarine
50%
NinjaCopter
50%
Samurai VXL
50%
ShuriCopter
50%
Snowmobile
50%
Storm Glider
50%
Temple Bounty
50%
Titan Mech
50%
Tread Assault
50%
Ultra Combiner Mech
50%
Ultra Sonic Raider
50%
Ghost Cycle
33%
Green Ninja Cycle
33%
Jet Mech
33%
Lightning Bike
33%
Lightning Off-Roader
33%
Mech Jet
33%
Ninja Bike
33%
Ninja Nightcrawler
33%
Ninja's Catamaran
33%
Ninja Tuner Car
33%
Ninja Ultra Combo Mech
33%
Proto Sam-X
33%
Rock Cycle
33%
Rock Roader
33%
Sub Car
33%
Super Bike
33%
Explorer
17%
Flying speeder
17%
Jungle Chopper
17%
Jungle Surfboard
17%
Ninja Combat Vehicle
17%
Ninja Team Combo Vehicle
17%
Racing Bike
17%
Snake Bike
17%
Titanium Ninja Tumbler
17%
No matching quizzes found
Score Distribution
Percent of People with Each Score
Percentile by Number Answered
Your Score History
You have not taken this quiz